Qualitative research practice a guide for social science students and researchers (Registro nro. 37378)
[ vista simple ]
| 000 -ENCABEZADO | |
|---|---|
| Número de control [NR] | 00972nam a2200241Ia 4500 |
| 008 - DE LONGITUD FIJA DE DATOS DE ELEMENTOS - INFORMACIÓN GENERAL | |
| Elementos de longitud fija [NR] | 130821s2003 enk gr eng |
| 020 ## - NUMERO INTERNACIONAL NORMALIZADO PARA LIBROS [R] | |
| Número Internacional Normalizado del libro [NR] | 9780761971092 |
| 020 ## - NUMERO INTERNACIONAL NORMALIZADO PARA LIBROS [R] | |
| Número Internacional Normalizado del libro [NR] | 9780761971108 |
| 040 ## - FUENTE DE CATALOGACION [NR] | |
| Agencia de catalogación original [NR] | Co-BoUCM |
| Idioma de catalogación [NR] | spa |
| 041 00 - CODIGO DE IDIOMA [R] | |
| Código de idioma para texto/pista de sonido o título separado [R] | Inglés |
| 245 00 - MENCION DE TITULO [NR] | |
| Título [NR] | Qualitative research practice a guide for social science students and researchers |
| Mención de responsabilidad, etc. [NR] | editado por Jane Ritchie and Jane Lewis. |
| 260 ## - PUBLICACION, DISTRIBUCION, ETC. (PIE DE IMPRENTA) [R] | |
| Lugar de publicación, distribución, etc. [R] | Londres (Inglaterra) |
| Nombre del editor, distribuidor, etc. [R] | Sage Publications |
| Fecha de publicación, distribución, etc. [R] | 2003 |
| 300 ## - DESCRIPCION FISICA [R] | |
| Extensión [R] | xv, 336 páginas |
| 504 ## - NOTA DE BIBLIOGRAFIA, ETC. [R] | |
| Nota de bibliografía, etc. [NR] | |
| 650 04 - ASIENTO SECUNDARIO DE MATERIA - TERMINO TEMATICO [R] | |
| Término temático o nombre geográfico como elemento de entrada [NR] | Ciencias sociales |
| Subdivisión general [R] | Investigaciones |
| 9 (RLIN) | 33592 |
| 650 04 - ASIENTO SECUNDARIO DE MATERIA - TERMINO TEMATICO [R] | |
| Término temático o nombre geográfico como elemento de entrada [NR] | Ciencias sociales |
| Subdivisión general [R] | Metodología |
| 9 (RLIN) | 32387 |
| 650 04 - ASIENTO SECUNDARIO DE MATERIA - TERMINO TEMATICO [R] | |
| Término temático o nombre geográfico como elemento de entrada [NR] | Sociología |
| 9 (RLIN) | 386 |
| 700 1# - ASIENTO SECUNDARIO - NOMBRE PERSONAL [R] | |
| Nombre personal [NR] | Lewis, Jane |
| Fechas asociadas con el nombre [NR] | 1962- |
| Término de relación [R] | |
| 9 (RLIN) | 127214 |
| 700 1# - ASIENTO SECUNDARIO - NOMBRE PERSONAL [R] | |
| Nombre personal [NR] | Ritchie, Jane |
| Término de relación [R] | |
| 9 (RLIN) | 127215 |
| 856 4# - LOCALIZACION Y ACCESO ELECTRONICOS [R] | |
| Nota dirigida al público [R] | Consulte las tablas de contenido haciendo clic aquí |
| Identificador Uniforme del Recurso (“URI”) [R] | <a href="http://www.loc.gov/catdir/toc/fy037/2002109391.html">http://www.loc.gov/catdir/toc/fy037/2002109391.html</a> |
| 942 ## - ELEMENTOS DE ENTRADA AGREGADOS (KOHA) | |
| Tipo de ítem principal el descrito en 300a | Libro |
| Tema principal | Generalidades |
| Edición | 1 |
| Parte restante de la signatura top. | Q14 |
| Sistema de clasificación | DEWEY |
| Clasificación | 001.42 |
| Fecha de último préstamo | Total préstamos | Signatura topográfica | Código de barras | Última vez visto | Ejemplar | Price effective from | Tipo de ítem | Perdido | Sistema de clasificación | Dañado | No prestable | Tipo de ítem específico | Suprimido | Ubicación habitual | Ubicación actual | Localización | Fecha de creación | Forma de adquisición | Costo |
|---|---|---|---|---|---|---|---|---|---|---|---|---|---|---|---|---|---|---|---|
| 01/03/2024 | 3 | 001.42 Q14 | 100125518 | 10/12/2025 | Ej.1 | 03/02/2013 | Libro | DEWEY | Libro | Bodega | Bodega | BodegaMezanine | 28/02/2012 | Compra | 74165.00 |